|
|
|
|
| LEADER |
00646cam a2200205ua 4500 |
| 008 |
060815t1995||||||||||| 001 ||eng c |
| 041 |
0 |
|
|a eng
|
| 082 |
|
|
|a In 820.09
|b SIT/P
|
| 100 |
0 |
|
|a Sitakant Mahapatra,
|
| 245 |
0 |
0 |
|a Poetry and passion: The search for the other voice /
|
| 250 |
|
|
|a 1st ed.
|
| 260 |
|
|
|a New Delhi:
|b Sahitya Akademi,
|c 1995.
|
| 300 |
|
|
|a 39p..
|
| 362 |
1 |
|
|a 1995.
|
| 365 |
|
|
|a Rs.20/-
|e pb
|
| 500 |
|
|
|a Includes index.
|
| 650 |
0 |
|
|a Indian English literature
|
| 942 |
|
|
|c BK
|
| 999 |
|
|
|c 7324
|d 7324
|
| 952 |
|
|
|0 0
|1 0
|4 0
|6 IN_820_090000000000000_SIT
|7 0
|9 7669
|a KUCL
|b KUCL
|d 2014-05-23
|l 0
|o In 820.09 SIT/
|p 00574
|r 2014-05-23
|w 2014-05-23
|y BK
|